Sri Aurobindo for all ages : (Record no. 78236)

MARC details
000 -LEADER
fixed length control field 00719nam a22002297a 4500
005 - DATE AND TIME OF LATEST TRANSACTION
control field 20180630121210.0
008 - FIXED-LENGTH DATA ELEMENTS--GENERAL INFORMATION
fixed length control field 130730b xxu||||| |||| 00| 0 eng d
010 ## - LCCN (DPL NO)
LC control number G-002189
020 ## - INTERNATIONAL STANDARD BOOK NUMBER
International Standard Book Number 8170582024
Terms of availability 75.00
035 ## - SYSTEM CONTROL NUMBER
System control number G-002189, A-708788
037 ## - SOURCE OF ACQUISITION
Source of stock number/acquisition Gift
040 ## - CATALOGING SOURCE
Original cataloging agency dpl
Language of cataloging eng
082 ## - DEWEY DECIMAL CLASSIFICATION NUMBER
Classification number 181.499
100 ## - MAIN ENTRY--PERSONAL NAME
Personal name Nirodbaran
245 ## - TITLE STATEMENT
Title Sri Aurobindo for all ages :
Remainder of title a biography /
Statement of responsibility, etc by Nirodbaran
260 ## - PUBLICATION, DISTRIBUTION, ETC. (IMPRINT)
Place of publication, distribution, etc Pondicherry
Name of publisher, distributor, etc Ari Aurobindo Ashram
Date of publication, distribution, etc 2001
270 ## - ADDRESS
Address Ari Aurobindo Ashram,
City Pondicherry
300 ## - PHYSICAL DESCRIPTION
Extent 241p
Other physical details photo b&w
Dimensions 21cm(pb)
500 ## - GENERAL NOTE
General note This book is donated by Mrs.Shailaja Chandra, ex-chairperson DLB
942 ## - ADDED ENTRY ELEMENTS (KOHA)
Source of classification or shelving scheme Dewey Decimal Classification
Item type English Books
Classification part 181.499
Call number suffix NIR
Holdings
Withdrawn status Lost status Source of classification or shelving scheme Damaged status Not for loan Collection code Home library Current library Date acquired Source of acquisition Cost, normal purchase price Total Checkouts Total Renewals Full call number Barcode Date last seen Cost, replacement price Koha item type Copy number
    Dewey Decimal Classification     Non-fiction Patel Nagar Patel Nagar 30/06/2018 BPPD/Pub 75.00     181.499 NIR A-708788 30/06/2018 75.00 English Books 1
    Dewey Decimal Classification     Non-fiction Sarojini Nagar Sarojini Nagar 30/07/2013 Gift Book 75.00 6 6 181.499 NIR G-002189 28/03/2026 75.00 English Books  

© Delhi Public Library
Hit Counter
free hit counter